LEADER 01146nam a2200205 i 4500 001 000000224730 003 CaOOAMICUS 005 20131111000000.0 008 131111s1837 it u000 u lat u 013 $a203628 040 $aSeMil$bita 245 10$aTomus 117. 300 $a528 p. 773 0 $aAugustinus, Aurelius $tSancti Augustini Hipponensis episcopi opera omnia multis sermonibus ineditis aucta et locupletata.$b[dal 1842] Editio nova / accurantibus D. A. B. Caillau ... nonnullisque cleri gallicani presbyteris.$dParisiis : Apud Paul Mellier, 1836.$g10$w()10069 773 0 $aGuillon, Marie Nicolas Sylvestre <1760-1847>$tCollectio selecta SS. Ecclesiae Patrum, complectens exquisitissima opera tum dogmatica et moralia, tum apologetica et oratoria; accurantibus D. Caillau ... una cum D.M.N.S. Guillon ..$dParisiis : Apud Méquignon-Havard, 1829-1840 (Parisiis : Typis Decourchant)$g117$w()28977 850 $aSeMil 852 $aSeMil$W1$xVenegono$y1$m2S II 117 FA$j175076$B175076$CSeMilBibl$Z2$F185047 $8I 941 1 $a10 961 $aRecupero: Mantegazza 996 $6245$aTomus 117$9(OLS)http://semarc/title/322045 LEADER 00991nam a2200229 i 4500 001 000000087815 003 CaOOAMICUS 005 20030731000000.0 008 030731s1911 xx u000 u und u 013 $a60055 040 $aSeMil$bita 100 1 $aMercier, Désiré-Joseph,$c.$0(OLS)http://semarc/name/512 245 10$aConferenze pastorali per esercizi spirituali al clero. Volume I. 260 $aFirenze :$bLibreria Editrice Fiorentina,$c1911. 300 $a190 p. 650 4$aEsercizi spirituali.$0(OLS)http://semarc/subject/175 650 4$aMeditazioni.$0(OLS)http://semarc/subject/1352 650 4$aSacerdozio.$0(OLS)http://semarc/subject/255 850 $aSeMil 852 $aSeMil$W1$xVenegono$y1$m112 69 1 *$j51234$B51234$CSeMilBibl$Z2$F55414 $81 996 $6245$aConferenze pastorali per esercizi spirituali al clero. Volume I$9(OLS)http://semarc/title/133814 996 $6260$aFirenze :$bLibreria Editrice Fiorentina$9(OLS)http://semarc/publisher/30629